| 000 | 00374nam a22001457a 4500 | ||
|---|---|---|---|
| 003 | NUST - PNEC | ||
| 005 | 20170116181059.0 | ||
| 008 | 151002b xxu||||| |||| 00| 0 eng d | ||
| 040 | _cLIBRARY | ||
| 082 | _a954.022 SAC | ||
| 100 |
_912262 _aSachau, Edwad C. |
||
| 245 |
_aAlberuni's India _cSachau, Edwad C. |
||
| 650 |
_912257 _bBiography _xGeneral books |
||
| 942 |
_2ddc _cBK |
||
| 999 |
_c68686 _d68686 |
||